000 00659nam a2200265Ia 4500
005 20260121170524.0
008 008 260114s9999 xx 000 0 eng d
020 _a9783319772912
037 _aEBOOK
040 _aCRL
040 _beng
040 _cCRL
041 _2eng
041 _aeng
084 _qCRL
100 _aO. Bradley Bassler
_91064922
245 0 _aKant, Shelley and the Visionary Critique of Metaphysics
260 _bSpringer
260 _bSpringer
260 _c2018
856 _uhttps://link.springer.com/openurl?genre=book&isbn=978-3-319-77291-2
942 _cEBOOK
999 _c1630652
_d1630652